=LDR 00000nam 2200000 4500 =001 INLIS000000000029144 =005 20200618115949 =035 ##$$a 0010-061300000029144 =008 200618################g##########0#ind## =041 ##$$a Ind =082 ##$$a 2x4.3 =090 ##$$a 2x4.3, Ath p =100 ##$$a Ath-Thahir, Fathi Muhammad =245 1#$$a Petunjuk mencapai kebahagiaan dalam pernikahan /$c Fathi Muhammad Ath Thahir ; penerjemah, Zacky Mubarak =260 ##$$a Jakarta :$b Amzah,$c 2005. =300 ##$$a x, 245 hlm ; $c 19 X 13 cm. =650 #4$$a Hukum Perkawinan =850 ##$$a NBPNMAT =084 ##$$a 2x4.3 ATH p =250 ##$$a Cet. 1 =700 #$$a Zacky Mubarak =504 ##$$a Bibliografi :hlm.243-245 =990 ##$$a 20800183 =990 ##$$a 20800185 =990 ##$$a 20800184 =990 ##$$a 20800186